HTML & CSS: (Record no. 35181)

MARC details
000 -LEADER
fixed length control field 00982nam a22002777a 4500
005 - DATE AND TIME OF LATEST TRANSACTION
control field 20100409123327.0
008 - FIXED-LENGTH DATA ELEMENTS--GENERAL INFORMATION
fixed length control field 100409t xxu||||| |||| 00| 0 eng d
010 ## - LCCN (DPL NO)
LC control number ENG-96011
020 ## - INTERNATIONAL STANDARD BOOK NUMBER
International Standard Book Number 9780070701946
Terms of availability 495.00
020 ## - INTERNATIONAL STANDARD BOOK NUMBER
International Standard Book Number 0070701946
Terms of availability 495.00
035 ## - SYSTEM CONTROL NUMBER
System control number EN-79544
037 ## - SOURCE OF ACQUISITION
Source of stock number/acquisition DBAD/PUB
040 ## - CATALOGING SOURCE
Original cataloging agency DPL
082 ## - DEWEY DECIMAL CLASSIFICATION NUMBER
Classification number 006.74
100 ## - MAIN ENTRY--PERSONAL NAME
Personal name Powell, Thomas A.
Dates associated with a name 1968-
245 ## - TITLE STATEMENT
Title HTML & CSS:
Statement of responsibility, etc by Thomas A. Powell
Remainder of title the complete referene/
250 ## - EDITION STATEMENT
Edition statement 5th ed.
260 ## - PUBLICATION, DISTRIBUTION, ETC. (IMPRINT)
Place of publication, distribution, etc New Delhi
Name of publisher, distributor, etc Tata McGraw-Hill Education
Date of publication, distribution, etc 2010
270 ## - ADDRESS
Address 7, West Patel Nagar
City New Delhi
Postal code 110008
300 ## - PHYSICAL DESCRIPTION
Extent xxiii, 832p.;
Dimensions 24 cm. (Pbk)
500 ## - GENERAL NOTE
General note Includes index
630 ## - SUBJECT ADDED ENTRY--UNIFORM TITLE
Uniform title HTML (Document markup languages)
650 ## - SUBJECT ADDED ENTRY--TOPICAL TERM
Topical term or geographic name as entry element Cascading style sheets
942 ## - ADDED ENTRY ELEMENTS (KOHA)
Source of classification or shelving scheme Dewey Decimal Classification
Item type English Books
Call number suffix POW
Classification part 006.74
Holdings
Withdrawn status Lost status Source of classification or shelving scheme Materials specified (bound volume or other part) Damaged status Not for loan Collection code Home library Current library Date acquired Source of acquisition Cost, normal purchase price Total Checkouts Full call number Barcode Date last seen Copy number Cost, replacement price Koha item type
    Dewey Decimal Classification Pbk   Not For Loan Non-fiction D.B.Act.Division D.B.Act.Division 09/03/2010 DBAD/PUB 495.00   006.74 POW EN-79544 09/04/2010 1 495.00 English Books

© Delhi Public Library
Hit Counter
free hit counter